| 000 | 01269namaa2200301 i 4500 | ||
|---|---|---|---|
| 003 | EG-GICUC | ||
| 005 | 20260125102346.0 | ||
| 008 | 260125s2000 ua |||jr|||| 000 p ara d | ||
| 017 |
_a99 / 13653 _bدار الكتب والوثائق القومية (مصر) |
||
| 020 | _a9773031992 | ||
| 040 |
_aEG-GiCUC _bara _cEG-GiCUC _dEG-GiCUC _erda |
||
| 082 | 0 | 4 |
_221 _a811.2 _bB132 |
| 092 | 0 | 4 |
_221 _a811.2 _bB132 |
| 099 | _a811.2 B132 | ||
| 100 | 1 |
_aبدوى، عبده _eمؤلف. |
|
| 245 | 1 |
_aدراسات فى النص الشعرى : _bعصر صدر الإسلام وبنى أمية / _cتأليف الدكتور عبده بدوى. |
|
| 264 |
_aالقاهرة (مصر) : _bدار قباء للطباعة والنشر والتوزيع، _c2000. |
||
| 300 |
_a296 صفحة ؛ _c24 سم _bإيضاحيات، صور، مثيليات ؛ Illustrations |
||
| 336 |
_2rdacontent _atext |
||
| 337 |
_2rdamedia _aUnmediated |
||
| 338 |
_2rdacarrier _avolume |
||
| 504 | _aيشتمل على ارجاعات ببليوجرافية. | ||
| 541 |
_aد. جابر عصفور ؛ _bالقاهرة ؛ _cإهداء ؛ _d2024. |
||
| 650 | 1 | 7 |
_aالشعر العربى _xتاريخ ونقد _yعصر صدر الاسلام _2qrmak |
| 651 | 1 | _2qrmak | |
| 905 | _aAya | ||
| 942 |
_2ddc _cBK _e21 _n0 |
||
| 999 |
_c178002 _d178002 |
||